Transcontinental Borders - Statistics

General Stats
  • This quiz has been taken 191 times
    33 since last reset
  • The average score is 18 of 21
Answer Stats
Country Bordering Country % Correct
Turkey Greece
100%
Egypt Israel
100%
Bulgaria | Greece Turkey
100%
Russia Azerbaijan
95%
Turkey Bulgaria
95%
Israel Egypt
95%
Russia Georgia
95%
Azerbaijan | China | Georgia | Kazakhstan | Mongolia | North Korea Russia
95%
Russia China
90%
Russia Kazakhstan
90%
Panama Colombia
86%
Russia Mongolia
86%
Spain Morocco
86%
Colombia Panama
86%
Russia North Korea
81%
Morocco Spain
81%
Papua New Guinea Indonesia
76%
Indonesia Papua New Guinea
76%
Brazil | Suriname France
71%
France Brazil
67%
France Suriname
67%
No matching quizzes found
Score Distribution
Percent of People with Each Score
Percentile by Number Answered
Your Score History
You have not taken this quiz since the last reset